000 00358cam a22001097a 4500
008 180718b2002 xxu||||| |||| 00| 0 eng d
100 _aAcevedo, Gladys Lopex
245 _aTechnology and firm performance in Mexico
_cby Gladys Lopex-Acevedo
260 _aWashington, D.C.
_bWorld Bank
_c2002
300 _a22p.
440 _aPolicy research working paper, no. 2778
999 _c287983
_d287983